Southville International School and Colleges
Your cart is empty.
  • Cart
  • Lists
    Public lists Eva Luna New books Lux_list list_1
    Your lists Log in to create your own lists
  • Log in to your account
  • Your cookies
  • Search history
Southville International School and Colleges
  • Advanced search
  • Recent comments
  • Most popular
  • Libraries

Log in to your account

Log in with GOOGLE


If you do not have an external account, but do have a local account, you can still log in:

  1. Home
  2. MARC view: Struggles and victories :
Normal view MARC view ISBD view

Struggles and victories : (Record no. 109931)

[ view plain ]
MARC details
000 -LEADER
fixed length control field 00575nam a2200193 a 4500
001 - CONTROL NUMBER
control field 3915
005 - DATE AND TIME OF LATEST TRANSACTION
control field 20140414131846.0
008 - FIXED-LENGTH DATA ELEMENTS--GENERAL INFORMATION
fixed length control field 040601s19uu xx 00 eng d
050 ## - LIBRARY OF CONGRESS CALL NUMBER
Classification number M 220.9
Item number M45 1975
100 ## - MAIN ENTRY--PERSONAL NAME
Personal name Maxwell, Arthur S.
245 ## - TITLE STATEMENT
Title Struggles and victories :
Remainder of title Vol 6 /
Statement of responsibility, etc Arthur S. Maxwell.
260 ## - PUBLICATION, DISTRIBUTION, ETC. (IMPRINT)
Place of publication, distribution, etc Washington:
Name of publisher, distributor, etc Review and Herald Pub.,
Date of publication, distribution, etc 1975.
300 ## - PHYSICAL DESCRIPTION
Extent 190 p. : ill. ; cm.
440 ## - SERIES STATEMENT/ADDED ENTRY--TITLE
Title Bible Story
500 ## - GENERAL NOTE
General note Reprinted in the Philippines by Phil. Pub. House
650 ## - SUBJECT ADDED ENTRY--TOPICAL TERM
Topical term or geographic name as entry element Bible stories.
650 ## - SUBJECT ADDED ENTRY--TOPICAL TERM
Topical term or geographic name as entry element Christian education.
Holdings
Withdrawn status Lost status Damaged status Use restrictions Home library Current library Shelving location Date acquired Source of acquisition Total Checkouts Full call number Barcode Date last seen Price effective from Koha item type
        Munich Library Munich Library Main Section 06/01/2004     M 220.9 M45 1975 M0131 04/14/2014 04/14/2014 Books

Struggles and victories :

APA

Maxwell A. S., . (1975). Struggles and victories. Washington: Review and Herald Pub.

Chicago

Maxwell Arthur S, . 1975. Struggles and victories. Washington: Review and Herald Pub.

Harvard

Maxwell A. S., . (1975). Struggles and victories. Washington: Review and Herald Pub.

MLA

Maxwell Arthur S, . Struggles and victories. Washington: Review and Herald Pub. 1975.

  • Place hold
  • Print
  • Cite
  • Add to your cart (remove)
  • Save record
    BIBTEX Dublin Core MARCXML MARC (non-Unicode/MARC-8) MARC (Unicode/UTF-8) MARC (Unicode/UTF-8, Standard) MODS (XML) RIS
  • More searches
    Search for this title in:
    Other Libraries (WorldCat) Other Databases (Google Scholar) Online Stores (Bookfinder.com) Open Library (openlibrary.org)

Exporting to Dublin Core...

SOUTHVILLE LIBRARY

Southville International School and Colleges Library

1281 Tropical Ave. Cor. Luxembourg St., BF Homes International, Las Pinas City

Tel. No. 8256374 / 252358 Loc. 117/146

Powered by Koha